Los derechos jurídicos de la mujer / (Record no. 28762)

MARC details
000 -LEADER
campo de control de longitud fija 00658nam a2200229 i 4500
001 - NÚMERO DE CONTROL
campo de control 28762
003 - IDENTIFICADOR DE NÚMERO DE CONTROL
campo de control ES-MaACL
005 - FECHA Y HORA DE LA ÚLTIMA TRANSACCIÓN
campo de control 20230906153926.0
007 - CAMPO FIJO DE DESCRIPCIÓN FÍSICA--INFORMACIÓN GENERAL
campo de control de longitud fija t|
008 - DATOS DE LONGITUD FIJA--INFORMACIÓN GENERAL
campo de control de longitud fija 030120s1971 sp ||||1| spa d
080 ## - NÚMERO DE LA CLASIFICACIÓN DECIMAL UNIVERSAL
Número de la Clasificación Decimal Universal 34:396
100 1# - ENTRADA PRINCIPAL--NOMBRE DE PERSONA
Nombre de persona Balada Ortega, Otero.
9 (RLIN) 24796
245 14 - MENCIÓN DEL TÍTULO
Título Los derechos jurídicos de la mujer /
Mención de responsabilidad, etc. Otero y Luis Balada Ortega.
260 ## - PUBLICACIÓN, DISTRIBUCIÓN, ETC.
Lugar de publicación, distribución, etc. Madrid :
Nombre del editor, distribuidor, etc. Alameda,
Fecha de publicación, distribución, etc. [1971]
300 ## - DESCRIPCIÓN FÍSICA
Extensión 61 p. ;
Dimensiones 17 cm.
490 1# - MENCIÓN DE SERIE
Mención de serie Otra mujer ;
Designación de volumen o secuencia 13
650 #4 - PUNTO DE ACCESO ADICIONAL DE MATERIA--TÉRMINO DE MATERIA
Término de materia o nombre geográfico como elemento de entrada Mujeres-
Subdivisión de forma Estatuto jurídico.
9 (RLIN) 163791
700 1# - ENTRADA AGREGADA--NOMBRE PERSONAL
Nombre de persona Balada Ortega, Luis.
9 (RLIN) 24795
830 1# - PUNTO DE ACCESO ADICIONAL DE SERIE-TÍTULO UNIFORME
Título uniforme Otra mujer ;
Designación de volumen o secuencia 13
9 (RLIN) 182021
852 4# - LOCALIZACIÓN
Ubicación ES-MaACL
Número de control de estantería C-44931
Holdings
Estatus retirado Estado de pérdida Estado de daño No para préstamo Biblioteca de origen Biblioteca actual Ubicación en estantería Fecha de adquisición Fuente de adquisición Total de préstamos Signatura topográfica completa Código de barras Visto por última vez Precio de reemplazo Tipo de ítem Koha
        Biblioteca del Ateneo de Madrid Biblioteca del Ateneo de Madrid Depósito 2 17/01/2008     C-44931 1029695 23/02/2023 23/02/2023 Libro impreso